[Event "N3_Gr_12"]
[Site "?"]
[Date "2003.11.15"]
[Round "2.7"]
[White "Darbon, Pierre-Yves"]
[Black "Zilliox, Claude"]
[Result "0-1"]
[WhiteElo "1770"]
[BlackElo "1970"]
[PlyCount "102"]
[EventDate "2004.??.??"]

1. d4 d5 2. Nf3 Nf6 3. e3 e6 4. Bd3 c5 5. c3 Be7 6. O-O O-O 7. Nbd2 Nbd7 8. Ne5
Qc7 9. f4 a6 10. Qf3 b5 11. Qh3 Bb7 12. Ndf3 Ne4 13. Nxd7 Qxd7 14. Ne5 Qc7 15.
Bd2 f5 16. Rad1 Rad8 17. Be1 Bf6 18. Nf3 Bc8 19. Bh4 c4 20. Bb1 Rde8 21. Kh1
Kh8 22. Ng5 g6 23. Nf3 Kg7 24. Bxf6+ Nxf6 25. Ne5 Nd7 26. Qh4 Nxe5 27. fxe5 Qe7
28. Qe1 Bd7 29. Rf3 Rb8 30. a3 a5 31. Rh3 b4 32. axb4 axb4 33. Bc2 bxc3 34.
bxc3 Rb2 35. Rc1 Ra8 36. Bd1 Raa2 37. g4 Qg5 38. Qh4 Qxh4 39. Rxh4 g5 40. Rh3
h6 41. Bf3 Bc6 42. Rh5 Kg6 43. Rh3 Rc2 44. gxf5+ exf5 45. Bh5+ Kg7 46. Rxc2
Rxc2 47. e4 dxe4 48. Kg1 Bd5 49. Be8 f4 50. Ba4 Ra2 51. Bd7 e3 0-1

[Event "N3_Gr_12"]
[Site "?"]
[Date "2003.11.15"]
[Round "2.8"]
[White "Boillaud, Jean-Marie"]
[Black "Cordonnier, Claude"]
[Result "1-0"]
[WhiteElo "1860"]
[BlackElo "1830"]
[PlyCount "47"]
[EventDate "2004.??.??"]

1. e4 e6 2. f4 d5 3. e5 c5 4. c3 Nc6 5. d3 Nge7 6. g3 Bd7 7. Nf3 Nf5 8. Bh3 Be7
9. Na3 O-O 10. Nc2 f6 11. g4 Nh6 12. exf6 gxf6 13. Qe2 Nf7 14. Bd2 Nd6 15. Rg1
Kh8 16. O-O-O b5 17. g5 Qc8 18. g6 Ne8 19. gxh7 Ng7 20. Nh4 Be8 21. Rxg7 Kxg7
22. Bxe6 Qc7 23. Nf5+ Kh8 24. Qg4 1-0

[Event "N3_Gr_12"]
[Site "?"]
[Date "2003.11.15"]
[Round "2.9"]
[White "Cordonnier, Agnes"]
[Black "Baudin, Sandrine"]
[Result "0-1"]
[WhiteElo "1650"]
[BlackElo "1710"]
[PlyCount "42"]
[EventDate "2004.??.??"]

1. e4 e5 2. Nf3 Nc6 3. d4 exd4 4. Nxd4 Nxd4 5. Qxd4 Qf6 6. Qc3 Qe6 7. Bd3 Nf6
8. O-O Bd6 9. Re1 Be5 10. Qb4 a5 11. Qd2 O-O 12. Nc3 Ng4 13. g3 Bd4 14. Re2 Ne5
15. Qf4 Qh3 16. Re1 Ng4 17. Be3 Qxh2+ 18. Kf1 Nxe3+ 19. fxe3 Bxc3 20. bxc3 d6
21. e5 Bh3# 0-1

[Event "N3_Gr_12"]
[Site "?"]
[Date "2003.11.15"]
[Round "2.1"]
[White "Calotescu, Ana-Cristina"]
[Black "Cursoux, Laurent"]
[Result "1-0"]
[WhiteElo "2290"]
[BlackElo "2221"]
[PlyCount "172"]
[EventDate "2004.??.??"]

1. Nf3 Nf6 2. c4 g6 3. g3 Bg7 4. Bg2 O-O 5. d4 c5 6. O-O d6 7. Nc3 cxd4 8. Nxd4
Nbd7 9. b3 Nc5 10. Bb2 Rb8 11. Qd2 Bd7 12. Rac1 Ne6 13. Nc2 Bc6 14. Ne3 Bxg2
15. Kxg2 Nc5 16. f3 Bh6 17. b4 Ncd7 18. f4 Nb6 19. Ncd5 Nbxd5 20. Nxd5 Nxd5 21.
cxd5 Qb6 22. Qd4 Qxd4 23. Bxd4 Rbc8 24. b5 a6 25. b6 Bg7 26. Bf2 Bb2 27. Rc7
Rxc7 28. bxc7 Ba3 29. Bb6 Rc8 30. Rb1 Kf8 31. e4 Ke8 32. Kf3 e5 33. Rb3 Bc1 34.
fxe5 dxe5 35. a4 Kd7 36. Ba5 b5 37. axb5 axb5 38. Rxb5 Ba3 39. g4 Bd6 40. g5
Ra8 41. c8=Q+ Kxc8 42. Ke3 Be7 43. h4 f6 44. gxf6 Bxf6 45. Rc5+ Kd7 46. Rc7+
Ke8 47. Bc3 h5 48. Kd3 Ra3 49. Kc4 Ra4+ 50. Bb4 Bxh4 51. Kb5 Ra1 52. d6 Rb1 53.
Ka4 Ra1+ 54. Kb5 Rb1 55. Rh7 Bf6 56. d7+ Kd8 57. Kc4 Kc7 58. Ba5+ Kc6 59. d8=Q
Bxd8 60. Bxd8 Rd1 61. Rc7+ Kd6 62. Rg7 Rd4+ 63. Kc3 Rxe4 64. Rxg6+ Kd5 65. Rh6
Re3+ 66. Kc2 Rh3 67. Bc7 Rh2+ 68. Kd3 Rh3+ 69. Kd2 Rh2+ 70. Ke3 Rh3+ 71. Kf2
Rc3 72. Ba5 Rc2+ 73. Ke3 Rh2 74. Be1 Rh3+ 75. Kf2 Rh1 76. Ke2 Ke4 77. Bg3 Kf5
78. Rh8 Rh3 79. Rf8+ Ke4 80. Rf3 h4 81. Re3+ Kf5 82. Rxe5+ Kf6 83. Bf4 Rb3 84.
Rh5 h3 85. Kf2 Rb2+ 86. Kf3 h2 1-0

[Event "N3_Gr_12"]
[Site "?"]
[Date "2003.11.15"]
[Round "2.2"]
[White "Ballo, Michel"]
[Black "Kuzev, Jordan"]
[Result "1-0"]
[WhiteElo "2106"]
[BlackElo "2356"]
[PlyCount "72"]
[EventDate "2004.??.??"]

1. d4 Nf6 2. c4 g6 3. g3 Bg7 4. Bg2 c6 5. Nf3 O-O 6. Nc3 d5 7. cxd5 cxd5 8. Ne5
Nc6 9. Nxc6 bxc6 10. O-O a5 11. e3 Qd6 12. b3 h5 13. Bb2 h4 14. Qc1 Ba6 15. Re1
hxg3 16. hxg3 Ng4 17. Ba3 Qf6 18. Qd2 Rfe8 19. Na4 e5 20. Nc5 Bc8 21. f3 exd4
22. fxg4 dxe3 23. Qe2 Qg5 24. Rac1 Bxg4 25. Bf3 Bf5 26. Qh2 Bf6 27. Qg2 Kg7 28.
g4 e2 29. Rxe2 Bd4+ 30. Kf1 Bxc5 31. Bb2+ f6 32. gxf5 Qxf5 33. Rxc5 Qd3 34. Rc1
Re3 35. Kf2 Rae8 36. Rce1 d4 1-0

[Event "N3_Gr_12"]
[Site "?"]
[Date "2003.11.15"]
[Round "2.3"]
[White "Saucey, Michel"]
[Black "Zouaoui, Hamide"]
[Result "1-0"]
[WhiteElo "2331"]
[BlackElo "2050"]
[PlyCount "90"]
[EventDate "2004.??.??"]

1. d4 Nf6 2. c4 e6 3. Nf3 d5 4. Nc3 c6 5. e3 Nbd7 6. Bd3 Be7 7. O-O O-O 8. b3
b6 9. Bb2 Bb7 10. Qe2 Rc8 11. Rfd1 Qc7 12. e4 dxe4 13. Nxe4 Nxe4 14. Bxe4 Nf6
15. Bc2 c5 16. Rd2 Qf4 17. d5 Bd6 18. Qd3 Qh6 19. Bxf6 gxf6 20. dxe6 Rcd8 21.
exf7+ Rxf7 22. Qe3 Qxe3 23. fxe3 Bc7 24. Rxd8+ Bxd8 25. Bf5 Re7 26. Kf2 Bc7 27.
Rd1 Bc6 28. g3 Kf8 29. Nh4 Be8 30. Ng2 Bg6 31. Bxg6 hxg6 32. Nf4 Bxf4 33. exf4
Kf7 34. h4 Kg7 35. g4 Kf7 36. Kf3 Kg7 37. Rd8 Kf7 38. Rd6 Kg7 39. Rd5 Kf7 40.
f5 gxf5 41. Rxf5 Kg6 42. Rd5 Kg7 43. Kf4 Kg6 44. h5+ Kg7 45. Kf5 Kf7 1-0

[Event "N3_Gr_12"]
[Site "?"]
[Date "2003.11.15"]
[Round "2.4"]
[White "Etlicher, Dominique"]
[Black "Flouzat, Jean-Marc"]
[Result "0-1"]
[WhiteElo "1990"]
[BlackElo "2189"]
[PlyCount "114"]
[EventDate "2004.??.??"]

1. d4 d5 2. c4 c6 3. Nf3 Nf6 4. Nc3 e6 5. Bg5 h6 6. Bh4 dxc4 7. e4 Be7 8. e5
Nd5 9. Bxe7 Qxe7 10. Bxc4 Qb4 11. Qb3 Qxb3 12. Bxb3 Nxc3 13. bxc3 Ke7 14. Nd2
Nd7 15. Ne4 c5 16. O-O b6 17. Nd6 Ba6 18. Bc4 Bxc4 19. Nxc4 g6 20. Nd6 f5 21.
a4 a6 22. Rab1 Rhb8 23. Rb3 Ra7 24. Rfb1 Rc7 25. Kf1 Rc6 26. Ke2 Ra8 27. Kd3
Ra7 28. Kd2 Rac7 29. R3b2 cxd4 30. cxd4 Rc3 31. g3 Rf3 32. Ke2 Ra3 33. Rb4 Rc2+
34. Kf1 Rf3 35. Kg1 Rfxf2 36. Nc8+ Kd8 37. Nxb6 Rg2+ 38. Kh1 Rxh2+ 39. Kg1
Rcg2+ 40. Kf1 Rxg3 41. Nc4 Rh1+ 42. Kf2 Rxb1 43. Rxb1 Rd3 44. Na5 Ra3 45. Rb4
g5 46. Nc4 Ra2+ 47. Kg3 h5 48. Nd6 h4+ 49. Kh3 Ra3+ 50. Kh2 g4 51. Rc4 Ra2+ 52.
Kh1 Nb6 53. Rc6 Nd5 54. Rxa6 Nf4 55. Ra8+ Ke7 56. Ra7+ Kf8 57. Ra8+ Kg7 0-1

[Event "N3_Gr_12"]
[Site "?"]
[Date "2003.11.15"]
[Round "2.5"]
[White "Fantin, Ludwig"]
[Black "Tiero, Filbert"]
[Result "1-0"]
[WhiteElo "2187"]
[BlackElo "1910"]
[PlyCount "81"]
[EventDate "2004.??.??"]

1. e4 e6 2. d4 d6 3. Nc3 Nc6 4. Nf3 Nf6 5. a3 Be7 6. Bd3 a6 7. O-O e5 8. d5 Nb8
9. Ne2 c5 10. dxc6 bxc6 11. c4 O-O 12. Ng3 Re8 13. b4 Qc7 14. Qc2 Bg4 15. h3
Bxf3 16. gxf3 g6 17. f4 exf4 18. Bxf4 Nbd7 19. Kh1 Ne5 20. Be2 Nfd7 21. Be3 Bh4
22. Rg1 Bxg3 23. Rxg3 f6 24. Rag1 c5 25. f4 Nc6 26. e5 Nf8 27. exd6 Qxd6 28.
Bxc5 Qxf4 29. Bf3 Rac8 30. Bd5+ Kg7 31. Bxf8+ Kxf8 32. Rf3 Qh4 33. Qh2 Ne5 34.
Rf4 Qh5 35. Rxf6+ Kg7 36. Rgf1 Nxc4 37. Rf7+ Kh8 38. Bxc4 Rxc4 39. Qb2+ Qe5 40.
Re1 Rc2 41. Rxe5 1-0

[Event "N3_Gr_12"]
[Site "?"]
[Date "2003.11.15"]
[Round "2.6"]
[White "Roncin, Cesar"]
[Black "Bertin, Jean-Loup"]
[Result "0-1"]
[WhiteElo "1680"]
[BlackElo "1960"]
[PlyCount "50"]
[EventDate "2004.??.??"]

1. a3 d5 2. Nf3 c5 3. g3 Nc6 4. Bg2 e5 5. d3 Bg4 6. O-O Qd7 7. c4 d4 8. Re1 f6
9. Nbd2 Nge7 10. Ne4 Ng6 11. Rb1 Be7 12. Qc2 O-O 13. b3 Rae8 14. Rb2 Kh8 15. e3
f5 16. Ned2 dxe3 17. Rxe3 f4 18. gxf4 Rxf4 19. Ne4 Bxf3 20. Rxf3 Nd4 21. Qd1
Nxf3+ 22. Bxf3 Rh4 23. Ng5 Qf5 24. Be4 Qg4+ 25. Qxg4 Rxg4+ 0-1

[Event "N3_Gr_12"]
[Site "?"]
[Date "2003.11.15"]
[Round "2.7"]
[White "Georgelin, Thierry"]
[Black "Lafrechoux, Laurent"]
[Result "1-0"]
[WhiteElo "2061"]
[BlackElo "1750"]
[PlyCount "57"]
[EventDate "2004.??.??"]

1. e4 c5 2. d4 e6 3. Nf3 d5 4. exd5 exd5 5. Bb5+ Bd7 6. Bxd7+ Nxd7 7. O-O Ngf6
8. Re1+ Be7 9. Qe2 Ne4 10. Nbd2 f5 11. c4 O-O 12. cxd5 Ndf6 13. Nxe4 fxe4 14.
Ng5 Qxd5 15. Nxe4 Qxd4 16. Ng5 Ng4 17. Ne6 Qxf2+ 18. Qxf2 Rxf2 19. h3 Bh4 20.
hxg4 Rf6 21. Bg5 Bf2+ 22. Kh2 Bxe1 23. Bxf6 gxf6 24. Rxe1 Re8 25. Re2 c4 26.
Kg3 Kf7 27. Nd4 Rd8 28. Nf5 Kg6 29. Re7 1-0

[Event "N3_Gr_12"]
[Site "?"]
[Date "2003.11.15"]
[Round "2.8"]
[White "Cayuela-Mosch, Renate"]
[Black "Perrot, Pierre"]
[Result "0-1"]
[WhiteElo "1499"]
[BlackElo "2057"]
[PlyCount "94"]
[EventDate "2004.??.??"]

1. d4 d5 2. Nf3 Nf6 3. Nc3 c6 4. g3 h6 5. Bf4 Bf5 6. Bg2 Nbd7 7. O-O e6 8. a3
Nh5 9. Qd2 Nxf4 10. Qxf4 Bxc2 11. e4 Bxe4 12. Nxe4 dxe4 13. Qxe4 Nf6 14. Qh4
Be7 15. Ng5 Nh7 16. Rad1 Bxg5 17. Qe4 O-O 18. Rfe1 Nf6 19. Qc2 Nd5 20. Bxd5
exd5 21. Re2 Qd7 22. Kg2 Rfe8 23. Rde1 Bf6 24. Qd3 Rxe2 25. Rxe2 Re8 26. Rxe8+
Qxe8 27. Qb3 Qe7 28. Qa4 Qe4+ 29. Kf1 Bxd4 30. Qd1 Qh1+ 31. Ke2 Qxd1+ 32. Kxd1
Bxb2 33. a4 d4 34. Kc2 Bc3 35. Kd3 b5 36. axb5 cxb5 37. Kc2 a5 38. Kb3 a4+ 39.
Kc2 a3 40. Kb3 b4 41. Ka2 d3 42. Kb1 d2 43. Kc2 a2 44. Kb3 d1=Q+ 45. Kxa2 Qa4+
46. Kb1 b3 47. Kc1 Qa1# 0-1

[Event "N3_Gr_12"]
[Site "?"]
[Date "2003.11.15"]
[Round "2.9"]
[White "Fantin, Alison"]
[Black "Barnes, Pierrick"]
[Result "1/2-1/2"]
[WhiteElo "1820"]
[BlackElo "1930"]
[PlyCount "119"]
[EventDate "2004.??.??"]

1. e4 e5 2. Nf3 d6 3. d4 exd4 4. Nxd4 Nf6 5. Nc3 c5 6. Nf3 Bg4 7. Bd3 Nc6 8.
Be3 Be7 9. h3 Bh5 10. Nd5 a6 11. c4 O-O 12. Nf4 Bxf3 13. Qxf3 Ne5 14. Qe2 Re8
15. O-O Bf8 16. Nd5 Nfd7 17. Bc2 Nb6 18. b3 Nxd5 19. exd5 Nd7 20. Qd3 g6 21.
Rab1 Bg7 22. Rfe1 Ne5 23. Qd2 Qd7 24. f4 Nf3+ 25. gxf3 Qxh3 26. Qg2 Qh4 27. Qg4
Qd8 28. Bd2 Bd4+ 29. Kg2 h5 30. Qg3 Qf6 31. Qg5 Kg7 32. Qxf6+ Kxf6 33. Be4 Rh8
34. Re2 Rhg8 35. Rc1 b5 36. Bc3 Bxc3 37. Rxc3 b4 38. Rce3 g5 39. fxg5+ Rxg5+
40. Kf2 Rag8 41. f4 R5g7 42. Rh3 Rh8 43. Kf3 Rg1 44. Reh2 Ra1 45. Rh4 a5 46.
Rb2 Ke7 47. Bb1 Kf6 48. Rhh2 Kg7 49. f5 Kf6 50. Kf4 h4 51. Kg4 Rg8+ 52. Kxh4
Rg1 53. Bd3 Rad1 54. Bc2 Rd4+ 55. Kh3 Rdg4 56. Re2 Rg8 57. Kh2 R1g5 58. Re3
Rg2+ 59. Kh3 Rg1 60. Kh2 1/2-1/2

[Event "N3_Gr_12"]
[Site "?"]
[Date "2003.11.16"]
[Round "3.1"]
[White "Genevrier, Pascal"]
[Black "Girardon, Jerome"]
[Result "1-0"]
[WhiteElo "2170"]
[BlackElo "2180"]
[PlyCount "51"]
[EventDate "2004.??.??"]

1. c4 Nf6 2. g3 g6 3. Bg2 Bg7 4. Nc3 O-O 5. d3 c6 6. e4 Na6 7. Nge2 Nc7 8. O-O
e5 9. h3 d6 10. Bg5 a5 11. Kh2 Ne6 12. Be3 h5 13. Qd2 h4 14. g4 Nh7 15. d4 exd4
16. Nxd4 Nxd4 17. Bxd4 Be6 18. b3 g5 19. Bxg7 Kxg7 20. f4 gxf4 21. Rad1 Qf6 22.
Ne2 Rfd8 23. Nxf4 Qe5 24. Kh1 Nf6 25. Qe3 Nd7 26. Nd3 1-0

[Event "N3_Gr_12"]
[Site "?"]
[Date "2003.11.16"]
[Round "3.2"]
[White "Lauferon, Patrick"]
[Black "Lauradoux, Cedric"]
[Result "1-0"]
[WhiteElo "2195"]
[BlackElo "2121"]
[PlyCount "53"]
[EventDate "2004.??.??"]

1. d4 Nf6 2. c4 e6 3. Nc3 Bb4 4. e3 O-O 5. Nge2 b5 6. a3 Bxc3+ 7. Nxc3 bxc4 8.
Bxc4 Bb7 9. O-O d5 10. Bd3 Nbd7 11. b4 Ne4 12. Ne2 a5 13. Bd2 axb4 14. Bxb4 Re8
15. Rc1 Rc8 16. Qb3 Ba8 17. Bb5 c6 18. Ba6 Rb8 19. Qc2 e5 20. f3 Qg5 21. fxe4
Qxe3+ 22. Kh1 dxe4 23. Bc4 Nf6 24. dxe5 Nd5 25. Bd6 Rbd8 26. Nc3 Qg5 27. Nxe4
1-0

[Event "N3_Gr_12"]
[Site "?"]
[Date "2003.11.16"]
[Round "3.3"]
[White "Rue, Pascal"]
[Black "Bouchot, Frederic"]
[Result "1-0"]
[WhiteElo "2138"]
[BlackElo "2170"]
[PlyCount "103"]
[EventDate "2004.??.??"]

1. e4 Nc6 2. Nf3 d6 3. d4 Bg4 4. Be3 Nf6 5. Nc3 e6 6. Be2 d5 7. e5 Nd7 8. O-O
Be7 9. a3 a5 10. h3 Bh5 11. Nh2 Bxe2 12. Nxe2 Nb6 13. f4 g6 14. Nf3 a4 15. Bf2
Na5 16. Nc1 Nac4 17. Nd3 Nd7 18. Nd2 Nxd2 19. Qxd2 Nb6 20. Qe2 Nc4 21. Be1 b6
22. Bb4 O-O 23. Bxe7 Qxe7 24. c3 c5 25. Nf2 h5 26. Rad1 Qh4 27. Nd3 cxd4 28.
cxd4 Na5 29. Kh2 Nb3 30. g3 Qd8 31. Ne1 Rc8 32. Nf3 Qc7 33. Rf2 Qc4 34. Qe3 Kg7
35. g4 hxg4 36. hxg4 Rh8+ 37. Kg3 Rh6 38. Ng5 Nc1 39. f5 gxf5 40. gxf5 Qb3 41.
Qxb3 Nxb3 42. f6+ Kg6 43. Nf3 Rc4 44. Kf4 Kh7 45. Rg2 Rg6 46. Rh1+ Kg8 47.
Rxg6+ fxg6 48. Kg5 Rc2 49. Kxg6 Rg2+ 50. Ng5 Rxg5+ 51. Kxg5 Nxd4 52. Kg6 1-0

[Event "N3_Gr_12"]
[Site "?"]
[Date "2003.11.16"]
[Round "3.4"]
[White "Gallini, Patrice"]
[Black "Michalak, Alain"]
[Result "1-0"]
[WhiteElo "2049"]
[BlackElo "2070"]
[PlyCount "35"]
[EventDate "2004.??.??"]

1. d4 Nf6 2. Nc3 d5 3. e4 dxe4 4. f3 exf3 5. Nxf3 g6 6. Bc4 Bg7 7. Bf4 O-O 8.
Qd2 c6 9. Bh6 Nbd7 10. Be2 Nb6 11. Ne5 Bxh6 12. Qxh6 Qxd4 13. Nf3 Qb4 14. Ng5
Bg4 15. O-O Nbd7 16. Nce4 Bf5 17. Rxf5 gxf5 18. Ng3 1-0

[Event "N3_Gr_12"]
[Site "?"]
[Date "2003.11.16"]
[Round "3.5"]
[White "Desterne, Romain"]
[Black "Jallerat, Denis"]
[Result "1/2-1/2"]
[WhiteElo "2050"]
[BlackElo "1980"]
[PlyCount "106"]
[EventDate "2004.??.??"]

1. d4 Nf6 2. c4 e6 3. Nc3 b6 4. a3 Bb7 5. d5 Be7 6. g3 O-O 7. Bg2 d6 8. Nh3 a5
9. O-O exd5 10. Nf4 c6 11. cxd5 c5 12. e4 Ba6 13. Re1 Nbd7 14. Bf1 c4 15. a4
Nc5 16. f3 Qd7 17. Be3 Rab8 18. Bxc5 bxc5 19. Qc2 Qb7 20. Reb1 Nd7 21. Nb5 Bxb5
22. axb5 Qxb5 23. Bxc4 Qb6 24. Nd3 Bf6 25. Ra2 Ra8 26. Rba1 Ra7 27. Qa4 Ne5 28.
Nxe5 Bxe5 29. Rb1 Rfa8 30. b3 g6 31. Qc6 Qxc6 32. dxc6 Kf8 33. Ra4 Ke7 34. Bd5
Rb8 35. Rc1 f6 36. Kf2 Kd8 37. f4 Bd4+ 38. Rxd4 cxd4 39. Ke2 Kc7 40. Kd3 a4 41.
bxa4 Rxa4 42. Bc4 Rb2 43. Kxd4 Kxc6 44. h3 f5 45. exf5 d5 46. Kc3 Rxc4+ 47.
Kxb2 gxf5 48. Rxc4+ dxc4 49. g4 fxg4 50. hxg4 Kd5 51. Kc3 Ke4 52. f5 Ke5 53.
Kxc4 h5 1/2-1/2

[Event "N3_Gr_12"]
[Site "?"]
[Date "2003.11.16"]
[Round "3.6"]
[White "Perisse, Loic"]
[Black "Kljucanin, Sead"]
[Result "0-1"]
[WhiteElo "2030"]
[BlackElo "2050"]
[PlyCount "100"]
[EventDate "2004.??.??"]

1. e4 d5 2. d4 c6 3. Nc3 dxe4 4. f3 exf3 5. Nxf3 Bf5 6. Bc4 Nf6 7. O-O e6 8.
Ne5 Bg6 9. Bb3 Be7 10. Be3 Nbd7 11. Qe1 a6 12. Rd1 Qc7 13. Bf4 Nxe5 14. Bxe5
Bd6 15. Bxf6 gxf6 16. d5 O-O-O 17. dxe6 Bxh2+ 18. Kh1 Rxd1 19. Nxd1 Be5 20. c3
fxe6 21. Bxe6+ Kb8 22. Bf5 Qg7 23. Qd2 Bxf5 24. Rxf5 Qg4 25. Rf3 Re8 26. Ne3
Qg6 27. Qc2 Qf7 28. a3 Rd8 29. Kg1 h5 30. Qe2 Qg6 31. Rf5 Rh8 32. Qf3 h4 33.
Ng4 h3 34. Nxe5 fxe5 35. Rf8+ Rxf8 36. Qxf8+ Kc7 37. Qe7+ Kc8 38. Qf8+ Kd7 39.
Qf3 Qxg2+ 40. Qxg2 hxg2 41. Kxg2 Kd6 42. Kf3 Kd5 43. b3 b5 44. Ke3 c5 45. a4
bxa4 46. bxa4 Kc4 47. Ke4 Kxc3 48. Kxe5 Kb3 49. Ke4 c4 50. Ke3 Kxa4 0-1

[Event "N3_Gr_12"]
[Site "?"]
[Date "2003.11.16"]
[Round "3.7"]
[White "Marie, Adrien"]
[Black "Moreira, Philippe"]
[Result "1-0"]
[WhiteElo "2040"]
[BlackElo "2032"]
[PlyCount "115"]
[EventDate "2004.??.??"]

1. e4 d5 2. exd5 Nf6 3. Bb5+ Bd7 4. Bc4 b5 5. Bb3 Bg4 6. f3 Bc8 7. Nc3 a6 8.
Nge2 Bb7 9. d4 Nxd5 10. Nxd5 Bxd5 11. Bf4 c6 12. Nc3 e6 13. Nxd5 cxd5 14. a4 b4
15. O-O Nd7 16. Bxd5 Ra7 17. Bc6 Qb6 18. Bxd7+ Rxd7 19. c3 Be7 20. a5 Qa7 21.
Qe2 O-O 22. Be3 Rc8 23. c4 Qc7 24. c5 Qb7 25. Ra4 Bf6 26. Qc4 Rb8 27. Rd1 Qb5
28. Qxb5 Rxb5 29. c6 Rc7 30. Rc1 Kf8 31. Rc4 Be7 32. Bf4 Rc8 33. c7 Ke8 34. Rc6
Rd5 35. Rxa6 Rxd4 36. Bg3 Bc5 37. Kf1 Kd7 38. Bf2 Rd5 39. Bxc5 Rxc5 40. Rxb4
R8xc7 41. Rd4+ Rd5 42. Rxd5+ exd5 43. b4 Rb7 44. Rb6 Rxb6 45. axb6 Kc6 46. Ke2
Kxb6 47. Kd3 Kb5 48. Kd4 Kxb4 49. Kxd5 Kc3 50. Kd6 Kd4 51. Ke7 f5 52. Kf7 Ke3
53. Kxg7 f4 54. Kh6 Kf2 55. Kg5 Kxg2 56. Kxf4 Kxh2 57. Kg4 Kg2 58. f4 1-0

[Event "N3_Gr_12"]
[Site "?"]
[Date "2003.11.16"]
[Round "3.8"]
[White "Romieu, Jean-Louis"]
[Black "Pons, Jean Marc"]
[Result "0-1"]
[WhiteElo "1974"]
[BlackElo "1499"]
[PlyCount "74"]
[EventDate "2004.??.??"]

1. e4 e6 2. d4 d5 3. Nc3 Nf6 4. e5 Nfd7 5. Nce2 c5 6. c3 Nc6 7. f4 Qb6 8. Nf3
cxd4 9. cxd4 f6 10. g3 Bb4+ 11. Nc3 fxe5 12. fxe5 O-O 13. a3 Rxf3 14. Qxf3 Nxd4
15. Qd1 Nxe5 16. Bg2 Bxc3+ 17. bxc3 Nf5 18. Qe2 Ng6 19. Ra2 Bd7 20. Rb2 Qc7 21.
O-O Nd6 22. Qd3 a6 23. Qd4 Rc8 24. Bd2 Nc4 25. Rb3 b5 26. Bf4 Nxf4 27. Qxf4
Qxf4 28. Rxf4 Rf8 29. Rxf8+ Kxf8 30. Bf1 Nd6 31. Rb1 Ne4 32. Rc1 Ke7 33. Bd3
Nf6 34. Kf2 h6 35. Kf3 e5 36. Bg6 Kd6 37. Rd1 Bg4+ 0-1

[Event "N3_Gr_12"]
[Site "?"]
[Date "2003.11.16"]
[Round "3.9"]
[White "Deat, Gaelle"]
[Black "Romieu, Flore"]
[Result "0-1"]
[WhiteElo "1240"]
[BlackElo "1976"]
[PlyCount "54"]
[EventDate "2004.??.??"]

1. c4 e5 2. Nc3 Nf6 3. e4 Bc5 4. Be2 Nc6 5. h3 d6 6. d3 h6 7. Be3 Bb6 8. Nf3
Be6 9. d4 exd4 10. Nxd4 Nxd4 11. Bxd4 O-O 12. Qd3 Re8 13. O-O-O c6 14. f4 d5
15. exd5 cxd5 16. c5 Ba5 17. Bf3 Qc7 18. f5 Qf4+ 19. Be3 Qxf5 20. Qd4 Bxc3 21.
Qxc3 d4 22. Bxd4 Bxa2 23. Bxb7 Rad8 24. Rhf1 Qb1+ 25. Kd2 Ne4+ 26. Bxe4 Qxe4
27. Rf2 Rxd4+ 0-1

[Event "N3_Gr_12"]
[Site "?"]
[Date "2003.11.16"]
[Round "3.1"]
[White "Cau, Benjamin"]
[Black "Saucey, Michel"]
[Result "1/2-1/2"]
[WhiteElo "2133"]
[BlackElo "2331"]
[PlyCount "90"]
[EventDate "2004.??.??"]

1. e4 c5 2. Nf3 Nc6 3. g3 Nf6 4. d3 d5 5. exd5 Nxd5 6. Bg2 g6 7. O-O Bg7 8.
Nbd2 O-O 9. Rb1 b6 10. Nc4 Bb7 11. a3 Qc7 12. Ne3 Nxe3 13. Bxe3 Rad8 14. Qe2 e5
15. Bd2 c4 16. Bc3 cxd3 17. cxd3 Rfe8 18. Rfd1 Qd7 19. Qe3 h6 20. Rbc1 f5 21.
Re1 Ba8 22. Rcd1 g5 23. h3 Qf7 24. Qc1 Qh5 25. b4 Nxb4 26. Nxe5 Na2 27. g4 fxg4
28. hxg4 Qh4 29. Qb2 Nxc3 30. Qxc3 Bxg2 31. Kxg2 Qxg4+ 32. Nxg4 Bxc3 33. Rxe8+
Rxe8 34. Nxh6+ Kh7 35. Nf7 Bf6 36. Nd6 Re2 37. Ne4 Kg6 38. Rc1 Be5 39. Rc4 Ra2
40. a4 Kf5 41. Kf3 g4+ 42. Ke3 Bf4+ 43. Kd4 Ra3 44. Rb4 Be5+ 45. Ke3 Bf4+
1/2-1/2

[Event "N3_Gr_12"]
[Site "?"]
[Date "2003.11.16"]
[Round "3.2"]
[White "Kuzev, Jordan"]
[Black "Savoya, Alexandre"]
[Result "1/2-1/2"]
[WhiteElo "2356"]
[BlackElo "2049"]
[PlyCount "123"]
[EventDate "2004.??.??"]

1. Nf3 e6 2. c4 f5 3. Nc3 Nf6 4. d3 d5 5. g3 c6 6. Bg2 Bd6 7. O-O O-O 8. e4
fxe4 9. dxe4 dxe4 10. Ng5 Qe7 11. Ngxe4 Bc7 12. Bg5 Nbd7 13. Qe2 h6 14. Be3 Bb6
15. Rad1 Bxe3 16. Qxe3 e5 17. Nd6 Nb6 18. c5 Nbd7 19. b4 a5 20. a3 axb4 21.
axb4 Nb8 22. Nxc8 Rxc8 23. Bh3 Re8 24. Ne4 Nd5 25. Qb3 Na6 26. Nd6 Reb8 27.
Rxd5 cxd5 28. Qxd5+ Kf8 29. Qe4 Kg8 30. Re1 Rf8 31. Bf1 Qf6 32. Qc4+ Kh8 33.
Ne4 Qe7 34. Bh3 Qf7 35. Be6 Qe7 36. b5 Nc7 37. Bg4 Ra5 38. Rd1 Nxb5 39. Rd7 Qe8
40. Rxb7 Qc6 41. Rb6 Nd6 42. Rxc6 Nxc4 43. Be6 Ra1+ 44. Kg2 Re1 45. f3 Re2+ 46.
Kh3 Nd2 47. Nxd2 Rxd2 48. Bg4 Rc2 49. Rc7 Rf6 50. Bd7 Rxf3 51. Rc8+ Kh7 52. Kg4
e4 53. Bf5+ Rxf5 54. Kxf5 e3 55. Kf4 e2 56. Re8 Rxc5 57. Rxe2 Rc4+ 58. Kf5 Rc5+
59. Ke6 Ra5 60. g4 Ra8 61. Rb2 Ra5 62. h4 1/2-1/2

[Event "N3_Gr_12"]
[Site "?"]
[Date "2003.11.16"]
[Round "3.3"]
[White "Burdet, Francois"]
[Black "Calotescu, Ana-Cristina"]
[Result "0-1"]
[WhiteElo "2013"]
[BlackElo "2290"]
[PlyCount "66"]
[EventDate "2004.??.??"]

1. d4 Nf6 2. Bg5 c5 3. Bxf6 gxf6 4. d5 Qb6 5. Qc1 d6 6. c3 f5 7. Nd2 Nd7 8. e3
Nf6 9. Nc4 Qc7 10. Qd2 b5 11. Na3 a6 12. Nh3 h5 13. g3 h4 14. Bg2 Bd7 15. Nf4
Bg7 16. Rc1 Rb8 17. Nb1 Qb6 18. b3 a5 19. a3 b4 20. cxb4 cxb4 21. a4 Ne4 22.
Bxe4 fxe4 23. O-O Be5 24. Rc4 Bxf4 25. exf4 hxg3 26. Rxe4 gxh2+ 27. Kh1 Bf5 28.
Re3 Rc8 29. Rfe1 Rc2 30. Rxe7+ Kd8 31. Qe3 Qxe3 32. R7xe3 Rxf2 33. Rd1 Bg4 0-1

[Event "N3_Gr_12"]
[Site "?"]
[Date "2003.11.16"]
[Round "3.4"]
[White "Fantin, Ludwig"]
[Black "Merrheim, Xavier"]
[Result "1-0"]
[WhiteElo "2187"]
[BlackElo "1940"]
[PlyCount "55"]
[EventDate "2004.??.??"]

1. e4 d5 2. exd5 Qxd5 3. Nc3 Qa5 4. d4 Nf6 5. Nf3 Bf5 6. Bc4 e6 7. Bd2 c6 8.
Qe2 Bb4 9. O-O-O Nbd7 10. Ne5 Nxe5 11. dxe5 Nd5 12. Ne4 Bxe4 13. Qxe4 Bxd2+ 14.
Rxd2 O-O-O 15. Rhd1 Qc7 16. f4 Nb6 17. Bb3 Rxd2 18. Rxd2 h5 19. f5 Nd7 20. fxe6
Nc5 21. Qf5 Nxb3+ 22. axb3 g6 23. Qxf7 Qxe5 24. Qd7+ Kb8 25. e7 a6 26. Qd8+ Ka7
27. Qxh8 Qa5 28. Qd4+ 1-0

[Event "N3_Gr_12"]
[Site "?"]
[Date "2003.11.16"]
[Round "3.5"]
[White "Zilliox, Claude"]
[Black "Flouzat, Jean-Marc"]
[Result "0-1"]
[WhiteElo "1970"]
[BlackElo "2189"]
[PlyCount "56"]
[EventDate "2004.??.??"]

1. d4 d5 2. c4 c6 3. Nf3 Nf6 4. Nc3 e6 5. Bg5 h6 6. Bh4 dxc4 7. e3 b5 8. Be2
Nbd7 9. O-O Bb7 10. a4 a6 11. e4 g5 12. Bg3 b4 13. e5 bxc3 14. exf6 cxb2 15.
Ra2 c5 16. Rxb2 Bd5 17. Ne5 c3 18. Rb1 Nxf6 19. Re1 cxd4 20. Qxd4 Bg7 21. Qxc3
O-O 22. Qa3 Ne4 23. Nc4 Nc3 24. Rbc1 Nxe2+ 25. Rxe2 Bxc4 26. Rec2 Qd3 27. Qb4
Bd5 28. f3 Qd4+ 0-1

[Event "N3_Gr_12"]
[Site "?"]
[Date "2003.11.16"]
[Round "3.6"]
[White "Georgelin, Thierry"]
[Black "Didier, Eric"]
[Result "1/2-1/2"]
[WhiteElo "2061"]
[BlackElo "1990"]
[PlyCount "147"]
[EventDate "2004.??.??"]

1. e4 c5 2. d4 cxd4 3. Nf3 e6 4. Nxd4 a6 5. Bd3 Nf6 6. O-O Qc7 7. Bg5 Be7 8.
Nc3 h5 9. Nf3 Nc6 10. Re1 d6 11. a4 O-O 12. Ne2 d5 13. exd5 Nxd5 14. Ng3 g6 15.
Qd2 Bxg5 16. Qxg5 Qf4 17. c3 Qxg5 18. Nxg5 Bd7 19. N3e4 Ne5 20. Bc2 Bc6 21.
Rad1 Nd7 22. Bb3 N7f6 23. Nc5 Rad8 24. Ncxe6 fxe6 25. Nxe6 Rde8 26. Nxf8 Rxf8
27. Re6 Kg7 28. f3 Nf4 29. Re7+ Kh6 30. Rde1 N4d5 31. R7e6 Nc7 32. Rd6 Re8 33.
Rxe8 Ncxe8 34. Rd8 Kg7 35. Kf2 Kf8 36. Rd2 Ke7 37. Re2+ Kd8 38. Rd2+ Ke7 39.
Re2+ Kd8 40. Re6 Bd7 41. Re2 Bc6 42. Rd2+ Ke7 43. Re2+ Kd8 44. Bf7 Kc7 45. Bxg6
h4 46. Bf5 Kd6 47. Re6+ Kc7 48. Re7+ Kd6 49. Re6+ Kd5 50. Re1 Bxa4 51. Be4+ Kc4
52. Bxb7 Bb5 53. Re6 Kb3 54. Bxa6 Bxa6 55. Rxa6 Kxb2 56. Ra4 h3 57. g4 Kxc3 58.
Ra8 Nc7 59. g5 Nxa8 60. gxf6 Nc7 61. f7 Ne6 62. Ke3 Kc4 63. f4 Kd5 64. f5 Nf8
65. Kf4 Kd6 66. Kg3 Ke7 67. Kxh3 Kxf7 68. Kg4 Kf6 69. Kf4 Nd7 70. h4 Ne5 71.
Ke4 Nf7 72. Kf4 Nh6 73. h5 Nxf5 74. h6 1/2-1/2